| 000 | 00672nam a2200205 a 4500 | ||
|---|---|---|---|
| 001 | 000021868 | ||
| 005 | 20200930011501.0 | ||
| 008 | 100914s2002 sp 000 0 spa d | ||
| 020 | _a8484602001 | ||
| 040 |
_aDO-SdBNP _bspa _cBNPHU |
||
| 082 |
_axxx _bxxx |
||
| 100 | 1 |
_aHeredia, Raquel _945398 |
|
| 245 | 1 | 0 |
_aPatricia es su nombre de guerra : _bconfesiones de mi hija, yonqui y prostituta de lujo / _cRaquel Heredia. |
| 260 |
_aEspaña : _bTemas de Hoy, _c2002. |
||
| 300 |
_a155 p. ; _c23 cm. |
||
| 490 | 1 | _aEn primera persona | |
| 500 | _aIncluye datos biográficos de la autora en la solapa de la cubierta | ||
| 830 | 0 |
_aEn primera persona _945399 |
|
| 049 | _aBNPD | ||
| 999 |
_c21366 _d21366 |
||